Govt. of
Madhya Pradesh

Seminar on the Role of the Nationl Library of Idia (Record no. 5829)

MARC details
000 -LEADER
fixed length control field 003910000a22001450004500
003 - CONTROL NUMBER IDENTIFIER
control field MACL
040 ## - CATALOGING SOURCE
Original cataloging agency MACL
090 ## - LOCALLY ASSIGNED LC-TYPE CALL NUMBER (OCLC); LOCAL CALL NUMBER (RLIN)
-- 5872
-- 5871
100 ## - MAIN ENTRY--PERSONAL NAME
Personal name National Library Employes Association
245 ## - TITLE STATEMENT
Title Seminar on the Role of the Nationl Library of Idia
260 ## - PUBLICATION, DISTRIBUTION, ETC. (IMPRINT)
Name of publisher, distributor, etc. National Library Employees Association
Date of publication, distribution, etc. 1978
350 ## - PRICE (NR) (BK AM CF MU VM SE) [OBSOLETE]
Price 20
650 ## - SUBJECT ADDED ENTRY--TOPICAL TERM
Topical term or geographic name as entry element Library & Information Sciences
942 ## - ADDED ENTRY ELEMENTS (KOHA)
Koha item type Library Membar
Call number prefix 20
Holdings
Withdrawn status Lost status Source of classification or shelving scheme Damaged status Not for loan Home library Current library Date acquired Cost, normal purchase price Total Checkouts Full call number Barcode Date last seen Uniform Resource Identifier Price effective from Koha item type
          MACL MACL 15/04/2015 20.00   020 CRE003023 02/05/2024 5776 15/04/2015 Books